000 00430nam a2200169Ia 4500
999 _c9147
_d9147
008 200103s 1966 ||||xx |||||||||||||| ||und||
082 _a623.88
_bKNI
100 _aKnight Austin M.
245 0 _aModern seamanship
250 _a14 ed.
260 _bD. van nostrand company, inc.
_c1966
_aLondon
300 _a610p.
650 _aShip and Boats
650 _aShiphandling
650 _aRules Of The Road
942 _cBK